Geboren in Lippstadt - Statistiken

Allgemein
  • Dieses Quiz wurde 33 mal gespielt
  • Das Durchschnittsergebnis liegt bei 2 aus 5
Antwortstatistiken
Hinweis Antwort % Korrekt
früherer Fußballnationalspieler (Bayern München und Inter Mailand) sowie langjähriger Funktionär des FC Bayern München 1955 Karl-Heinz Rummenigge
90%
ehemaliger Fußballnationalspieler (Borussia Dortmund und Bayern München) 1964 Michael Rummenigge
87%
Comedian, Moderator und Sänger, besonders bekannt als Imitator 1974 Matze Knop
53%
Widerstandskämpfer gegen den Nationalsozialismus, evangelischer Theologe und führender Vertreter der Bekennenden Kirche 1892 Martin Niemöller
10%
Maler der Düsseldorfer Schule 1855 Heinrich Modersohn
0%
Keine übereinstimmenden Quizze gefunden
Verteilung der Resultate
Anzahl Personen mit jedem Resultat
Perzentil nach korrekt beantworteten Fragen
Ihre Resultats-Entwicklung
Sie haben dieses Quiz noch nicht gespielt